000 01551nam a2200325 i 4500
001 187959
003 ES-MaACL
005 20251007171526.0
008 180402s1945 sp |||| | spa d
245 0 0 _aConferencias pronunciadas durante el curso 1944-45.
246 3 _aEscuela Diplomática :
_bcurso de 1944-45 .
260 _aMadrid :
_bMinisterio de Asuntos Exteriores, Escuela Diplomática,
_c1945.
300 _a397 p. ;
_c24 cm.
594 _aConferencias pronunciadas por los señores Ferrandis (D. Manuel), González-Hontoria (Don Manuel), Lojendio (D. Ignacio María de), Llanos y Torriglia (D. Félix de), Madrazo (D. Mariano), Pérez Bustamante (D. Ciriaco), Poch (D. Antonio), Rolland (D. Bernardo), Rumeu de Armas (D. Antonio) y Sosa (D. Luis de)
650 4 _aRelaciones internacionales.
_916783
651 4 _aEspaña-
_xHistoria.
_98209
700 1 _aFerrandis Torres, Manuel.
_950268
700 1 _aGonzález-Hontoria y Fernández Ladreda, Manuel,
_d1878-1954
_958721
700 1 _aLojendio Irure, Ignacio María.
_9150808
700 1 _aLlanos y Torriglia, Félix de,
_d1868-1949
_972719
700 1 _aMadrazo, Mariano de,
_d1894-1990
_9163848
700 1 _aPérez-Bustamante, Ciriaco,
_d1896-1975
_990682
700 1 _aPoch, Antonio.
_992694
700 1 _aRolland de Miota, Bernardo.
_9173603
700 1 _aRumeu de Armas, Antonio,
_d1912-2006
_9100991
700 1 _aSosa, Luis de,
_d1902-1971
_9107435
710 2 _aEscuela Diplomática (España)
_93563
852 _aES-MaACL
_jB-13892
999 _c187959
_d187959